Posúdenie vývoja meteorologických prvkov vo vybranom regióne Slovenska
Salvato in:
| Autore principale: | |
|---|---|
| Altri autori: | |
| Natura: | Manoscritto Libro |
| Lingua: | slovacco |
| Pubblicazione: |
Bratislava :
STU v Bratislave SvF,
2014
|
| Soggetti: | |
| Accesso online: | VAIS https://opac.crzp.sk/?fn=detailBiblioForm&sid=501BC45481E06D38221B70038C20 |
| Tags: |
Nessun Tag, puoi essere il primo ad aggiungerne!!
|
MARC
| LEADER | 00000ntm a22000003a 4500 | ||
|---|---|---|---|
| 001 | stu297994 | ||
| 005 | 20231121134619.0 | ||
| 008 | 140919s2014----xo------------------slo-d | ||
| 040 | |a STU |b slo | ||
| 041 | 0 | |a slo | |
| 044 | |a xo | ||
| 100 | 1 | |a Derzsiová, Adriana, |d 1987- |4 aut |u V |T SvF Stavebná fakulta |X 50443 |U V |Y 10 |7 A000050443 | |
| 242 | 0 | 0 | |a The assessment of the meteorological elements in selected regions of Slovakia |y eng |
| 245 | 1 | |a Posúdenie vývoja meteorologických prvkov vo vybranom regióne Slovenska | |
| 260 | |a Bratislava : |b STU v Bratislave SvF, |c 2014 | ||
| 650 | 7 | |a vodné stavby a vodné hospodárstvo |2 stusub | |
| 650 | 7 | |a Hydraulic and Water Resources Engineering |2 estusub | |
| 650 | 7 | |a air temperature |2 estusub | |
| 650 | 7 | |a precipitation |2 estusub | |
| 650 | 7 | |a teplota vzduchu |2 stusub | |
| 650 | 7 | |a zrážky |2 stusub | |
| 700 | 1 | |a Danáčová, Michaela, |d 1982- |4 ths |u V160 |U SvF Stavebná fakulta |T SvF Katedra vodného hospodárstva krajiny |X 10113 |U V160 |Y 16 |7 A000010113 | |
| 856 | 4 | |a info a plný text |u http://is.stuba.sk/zp/portal_zp.pl?podrobnosti=100485 |3 VAIS | |
| 856 | 4 | |a CRZP |u https://opac.crzp.sk/?fn=detailBiblioForm&sid=501BC45481E06D38221B70038C20 | |